000 00596nam a2200241 a 4500
001 nice12345678
003 IN_TiNIC
005 20260116011655.0
008 050524s1899 lona grp 000 0 eng
020 _a
_c100
082 0 0 _a201
_bPEA1
100 _aPearson, B R
245 _aLife of Christian Frederick Swartz
260 _aLondon & Madras
_bChristian Lit. Society
_c1899
300 _a47p
500 _aincludes index and biblioraphy
505 2 _aMap of China
650 _aChristian-Biography
700 1 _aPearson, B R
902 _bSRS
942 _cBK
999 _c3315
_d3315